Sauti za Kipfokomu = Pokomo sounds book / (Record no. 45439)
[ view plain ]
| 000 -LEADER | |
|---|---|
| fixed length control field | 01157nam a22003017a 4500 |
| 003 - CONTROL NUMBER IDENTIFIER | |
| control field | OSt |
| 005 - DATE AND TIME OF LATEST TRANSACTION | |
| control field | 20180228150042.0 |
| 008 - FIXED-LENGTH DATA ELEMENTS--GENERAL INFORMATION | |
| fixed length control field | 100407t xxu||||| |||| 00| 0 eng d |
| 020 ## - INTERNATIONAL STANDARD BOOK NUMBER | |
| International Standard Book Number | 9966001573 |
| 040 ## - CATALOGING SOURCE | |
| Original cataloging agency | NEGST Library - Kenya |
| Transcribing agency | NEGST Library - Kenya |
| Modifying agency | NEGST Library - Kenya |
| 050 14 - LIBRARY OF CONGRESS CALL NUMBER | |
| Classification number | PL 8603.2 |
| Item number | .A44 2003 |
| 245 ## - TITLE STATEMENT | |
| Title | Sauti za Kipfokomu = Pokomo sounds book / |
| Statement of responsibility, etc | [written by Lenience Makorani...[et al.] ; illustrated by Allen Nsange...[et al.]. |
| 246 31 - VARYING FORM OF TITLE | |
| Title proper/short title | Pokomo sounds book. |
| 246 31 - VARYING FORM OF TITLE | |
| Title proper/short title | Sauti za Kipfokomu. |
| 250 ## - EDITION STATEMENT | |
| Edition statement | Trial ed. |
| 260 ## - PUBLICATION, DISTRIBUTION, ETC. (IMPRINT) | |
| Place of publication, distribution, etc | Nairobi, Kenya : |
| Name of publisher, distributor, etc | BTL, |
| Date of publication, distribution, etc | c2003. |
| 300 ## - PHYSICAL DESCRIPTION | |
| Extent | 27 p. : |
| Other physical details | ill. |
| 500 ## - GENERAL NOTE | |
| General note | Cover title: Sauti za Kipfokomu. |
| 500 ## - GENERAL NOTE | |
| General note | "This book is one of a series produced by the Pokomo Mother Tongue Education Programme for schools in the Lower Pokomo area." |
| 500 ## - GENERAL NOTE | |
| General note | "A read to me Pokomo MTE book." |
| 500 ## - GENERAL NOTE | |
| General note | In Pokomo and some English. |
| 500 ## - GENERAL NOTE | |
| General note | [Africana]. |
| 650 ## - SUBJECT ADDED ENTRY--TOPICAL TERM | |
| Topical term or geographic name as entry element | Pokomo language |
| General subdivision | Readers. |
| 9 (RLIN) | 3278 |
| 650 ## - SUBJECT ADDED ENTRY--TOPICAL TERM | |
| Topical term or geographic name as entry element | Pokomo language |
| General subdivision | Texts. |
| 9 (RLIN) | 3279 |
| 700 1# - ADDED ENTRY--PERSONAL NAME | |
| Personal name | Makorani, Lenience. |
| 9 (RLIN) | 3280 |
| 710 2# - ADDED ENTRY--CORPORATE NAME | |
| Corporate name or jurisdiction name as entry element | Pokomo Mother Tongue Education Programme. |
| 9 (RLIN) | 3281 |
| 942 ## - ADDED ENTRY ELEMENTS (KOHA) | |
| Source of classification or shelving scheme | Library of Congress Classification |
| Koha item type | Books |
| Withdrawn status | Lost status | Source of classification or shelving scheme | Damaged status | Not for loan | Collection code | Home library | Current library | Shelving location | Date acquired | Source of acquisition | Cost, normal purchase price | Full call number | Barcode | Date last seen | Copy number | Price effective from | Koha item type |
|---|---|---|---|---|---|---|---|---|---|---|---|---|---|---|---|---|---|
| Library of Congress Classification | General Circulation | AIU/NEGST - Tony Wilmot Memorial Library | AIU/NEGST - Tony Wilmot Memorial Library | General Stacks | 04/07/2010 | BTL | 5.00 | PL 8603.2.A44 2003 | R40224K3232 | 09/26/2019 | 1 | 04/07/2010 | Africana collection (General) |
